| 000 | 00392nam a2200157Ia 4500 | ||
|---|---|---|---|
| 008 | 210716s2018 xx 000 0 und d | ||
| 020 | _a9789387067974 | ||
| 041 | _aeng | ||
| 082 | _a658.3154 RAIH | ||
| 100 | _aRai, Himanshu. | ||
| 245 | _aNegotiation. | ||
| 250 | _a1 | ||
| 260 |
_aChennai _bMcgraw Hill Companies,Inc. _c2018 |
||
| 300 | _axiv,245 | ||
| 650 | _aHuman Resource Management | ||
| 999 |
_c211055 _d211055 |
||